000
002560000a22000970004500
100
1
_a
Sánchez Navarro, Luis
245
1
0
_a
Mt. 19,3-9 Una nueva perspectiva
300
_a
vol. 58, núm 2 (2000), Páginas 211-238
773
0
_t
Estudios Bíblicos
942
_c
ANA
999
_c
50267
_d
50267